<?xml version="1.0" encoding="UTF-8"?><?xml-stylesheet type="text/xsl" href="static/style.xsl"?><OAI-PMH xmlns="http://www.openarchives.org/OAI/2.0/" xmlns:xsi="http://www.w3.org/2001/XMLSchema-instance" xsi:schemaLocation="http://www.openarchives.org/OAI/2.0/ http://www.openarchives.org/OAI/2.0/OAI-PMH.xsd"><responseDate>2026-04-27T08:16:53Z</responseDate><request verb="GetRecord" identifier="oai:uvadoc.uva.es:10324/7613" metadataPrefix="marc">https://uvadoc.uva.es/oai/request</request><GetRecord><record><header><identifier>oai:uvadoc.uva.es:10324/7613</identifier><datestamp>2021-06-29T10:06:59Z</datestamp><setSpec>com_10324_38</setSpec><setSpec>col_10324_852</setSpec></header><metadata><record xmlns="http://www.loc.gov/MARC21/slim" xmlns:doc="http://www.lyncode.com/xoai" xmlns:xsi="http://www.w3.org/2001/XMLSchema-instance" xmlns:dcterms="http://purl.org/dc/terms/" xsi:schemaLocation="http://www.loc.gov/MARC21/slim http://www.loc.gov/standards/marcxml/schema/MARC21slim.xsd">
<leader>00925njm 22002777a 4500</leader>
<datafield tag="042" ind1=" " ind2=" ">
<subfield code="a">dc</subfield>
</datafield>
<datafield tag="720" ind1=" " ind2=" ">
<subfield code="a">Fuente Infante, Manuel de la</subfield>
<subfield code="e">author</subfield>
</datafield>
<datafield tag="260" ind1=" " ind2=" ">
<subfield code="c">2014</subfield>
</datafield>
<datafield tag="520" ind1=" " ind2=" ">
<subfield code="a">La discapacidad es algo que lleva presente en la sociedad desde sus orígenes. Su tratamiento a lo largo de la historia ha sido diverso, desde el desprecio absoluto por las personas con discapacidad, a la máxima protección de sus derechos con la Convención sobre los Derechos de las Personas con Discapacidad, celebrada en Nueva York, en 2006. Uno de los ámbitos a tratar dentro de ese marco de protección de los derechos de las personas con discapacidad es el derecho a la educación, cuya regulación internacional se ha extendido al marco nacional de nuestro país, y al marco autonómico, tratando de garantizar la educación plena y de calidad para los niños y niñas con discapacidad.</subfield>
</datafield>
<datafield tag="024" ind2=" " ind1="8">
<subfield code="a">http://uvadoc.uva.es/handle/10324/7613</subfield>
</datafield>
<datafield ind1=" " ind2=" " tag="653">
<subfield code="a">Discapacitados-Derechos humanos</subfield>
</datafield>
<datafield ind1=" " ind2=" " tag="653">
<subfield code="a">Derecho a la educación</subfield>
</datafield>
<datafield ind1=" " ind2=" " tag="653">
<subfield code="a">Discapacitados-Derecho</subfield>
</datafield>
<datafield ind1=" " ind2=" " tag="653">
<subfield code="a">Discapacitados-Derecho-España</subfield>
</datafield>
<datafield ind1=" " ind2=" " tag="653">
<subfield code="a">Discapacitados-Educación</subfield>
</datafield>
<datafield tag="245" ind1="0" ind2="0">
<subfield code="a">Los derechos de las personas con discapacidad: el derecho a la educación</subfield>
</datafield>
</record></metadata></record></GetRecord></OAI-PMH>